Konjunkturní situace na světovém trhu investičních celků.

Štatistické údaje o objeme kontraktov na výstavbu investičných celkov podľa exportérov a rokov, o odvetvovej štruktúre zahraničných kontraktov a o ich geografickom rozmiestení. Podmienky úverovania sú v tomto prípade dôležitejšie než cena. Dnes silne prevláda trh kupujúceho, v budúcnosti možno očáka...

ver descrição completa

Na minha lista:
Detalhes bibliográficos
Autor principal: Levora, J.
Formato: Capítulo de Livro
Idioma:tcheco
Assuntos:
Tags: Adicionar Tag
Sem tags, seja o primeiro a adicionar uma tag!

MARC

LEADER 00000naa a2200000 4500
001 r009107
005 20220831090908.7
041 0 |a cze 
044 |a [CS] 
245 1 0 |a Konjunkturní situace na světovém trhu investičních celků.  |c J. Levora 
520 |a Štatistické údaje o objeme kontraktov na výstavbu investičných celkov podľa exportérov a rokov, o odvetvovej štruktúre zahraničných kontraktov a o ich geografickom rozmiestení. Podmienky úverovania sú v tomto prípade dôležitejšie než cena. Dnes silne prevláda trh kupujúceho, v budúcnosti možno očákavať postupné zvýšenie konkurencie. 
610 2 0 |a trh svetový 
610 2 0 |a celky investičné 
610 2 0 |a údaje štatistické 
610 2 0 |a kontrakty 
610 2 0 |a výstavba investičná 
610 2 0 |a vývoz 
610 2 0 |a rozmiestenie územné 
610 2 0 |a úverovanie 
610 2 0 |a konkurencia 
610 2 0 |a trh kupujúceho 
100 1 |a Levora, J.